000 00812nam a22002895i 4500
001 12011
003 ES-MaACL
005 20230906150223.0
007 t|
008 940616s1994 sp ||||0| spa j
017 _aM 6430-1994
020 _a84-7844-226-X
040 _aM-BN
_bspa
_cM-BN
080 _a087.5:82
080 _a82:087.5
100 1 _aBurnett, Frances Hodgson.
_932736
245 1 3 _aEl jardín secreto /
_cFrances Hodgson Burnett ; traducción, Isabel del Río Sukan.
250 _a3ª ed.
260 _aMadrid :
_bSiruela,
_c1994.
300 _a304 p ;
_c22 cm.
490 1 _aLas tres edades ;
_v6
700 1 _aRío Sukan, Isabel del.
_997340
830 0 _aLas tres edades ;
_v6
_9178625
852 _aES-MaACL
_jL-19330
_bR.123210
999 _c12011
_d12011